000 00406 a2200169 4500
001 182693
020 _a85-01-03958-6
040 _cMagnum
100 _aAndrade, Carlos Drummond de
240 1 0 _aDiscurso de primavera e algumas sombras
_lpor
245 1 0 _aDiscurso de primavera e algumas sombras
300 _a158
362 0 _a1994
440 1 _aRecord
697 _aLITERATURA GERAL
942 _cBK
999 _c182693
_d182693